00927nam a2200265Ia 450000500170000000800410001702000150005808200170007310000360009024500620012625000180018830000250020649000420023150000420027360000760031565000390039165000490043094200120047926400320049133600270052333700330055033800280058304000350061199900150064620220317001340.0161108s9999 xx 000 0 und d a950491284204a928.61bB79p1 aBryce Echenique, Alfredod1939-10aPermiso para vivirbantimemoriascAlfredo Bryce Echenique a2a. edición a532 páginasc23 cm aAutores españoles e iberoamericanos aIncluye datos biográficos del autor14aBryce Echenique, Alfredod1939 -xCorrespondencia, memorias, etc971084142LEMBaLiteratura PeruanaySiglo XX142LEMB aNarrativa hispanoamericana ySiglo XX 2ddccBK aBuenos AiresbPlanetac2005 atextobtxt2rdacontent asin mediaciónbn2rdamedia avolumenbnc2rdacarrier aCO-BoRNBPbspaerdacCO-BoRNBP c6694d6694